Pokémon - Les attaques de Draco - Statistiques

Statistiques générales
  • Ce quiz a été pris 18 fois
  • Le résultat moyen est 9 sur 14
Statistiques - réponses
Niveaux Types Noms des attaques % Correct
Niveau 74 Normal Ultralaser
93%
Départ Électrique Cage Éclair
86%
Niveau 60 Dragon Danse Draco
79%
Niveau 25 Normal Souplesse
79%
Niveau 67 Dragon Colère
71%
Niveau 39 Dragon Draco-Charge
71%
Niveau 15 Dragon Draco-Queue
64%
Niveau 20 Psy Hâte
64%
Départ Dragon Ouragan
64%
Niveau 53 Eau Danse Pluie
57%
Niveau 33 Eau Hydro-Queue
57%
Départ Normal Ligotage
57%
Départ Normal Groz'Yeux
50%
Niveau 46 Normal Rune Protect
36%
Aucun quiz correspondant
Distribution des résultats
% des personnes avec chaque résultat
Percentile par nombre de réponses
Votre historique - résultats
Vous n’avez pas pris ce quiz